Responses for show #4283 - Wednesday, March 26, 2003

Contestants

Cory Bean, a pediatric resident from Greenville, North Carolina

Robyn Rogers, a graphics technician from Federal Way, Washington

Luis Cordon, a psychology professor from Coventry, Connecticut (whose 1-day cash winnings total $24,801)

Jeopardy! Round responses

RELIGION
LEGAL IDENTITIES
AYE AYE, CAPTAIN
BRAND "X"
(Alex: Each correct response will end with that letter.)
ULTRA-LOUNGE
VERBS
    $200 11
6

Luis
    $200 6
Francis

Robyn
    $200 15
(Robyn: What is Australia?)

New Zealand

LuisRobyn
    $200 1
Windex

Cory
    $200 26
(Robyn: What is "I Want to Hold Your Hand?")

"A Hard Day's Night"

LuisRobyn
    $200 16
park

Luis
    $400 12
The Ten Commandments

Triple Stumper
    $400 7
Gregory Peck

Robyn
    $400 22
steam

Luis
    $400 2
Xerox

Luis
    $400 27
Dean Martin

Cory
    $400 17
kinging

Robyn
    $600 13
Friends

Luis
    $600 8
Edgar

Robyn
    $600 23
(Cory: What is Newport News?)

Jamestown

RobynCory
    $600 3
Xanax

Luis
    $600 28
Mannix

Robyn
    $600 18
cite

Triple Stumper
    $800 21
Shinto

Cory
    $800 9
Al Capp

Luis
    $800 24
(Alex: With a minute to go.)

David Farragut

Cory
    $1,000 4
(Alex: If you had $10,000, would you make this a True Daily Double?)
(Luis: Probably not!)

Kleenex

Luis
    $800 29
Louis Prima

Luis
    $800 19
traffic

Luis
    $1000 14
Jeremiah

Robyn
    $1000 10
Claude

Cory
    $1000 25
George Vancouver

Triple Stumper
    $1000 5
Ajax

Robyn
    $1000 30
Julie London

Robyn
    $1000 20
(Luis: What is uphold?)

defend

LuisCory

Scores at the first commercial break (after clue 15):

Luis Robyn Cory
$3,800 $3,000 $1,200

Scores at the end of the Jeopardy! Round:

Luis Robyn Cory
$5,200 $5,400 $3,600

Double Jeopardy! Round responses

HISTORICAL NOVELS
VOCABULARY
THEATER
OLD MOVIES
ARE YOU NUTS?
WE'RE IN SEINE!
(Alex: Notice the spelling.)
    $400 4
George & Martha Washington

Luis
    $400 16
red

Cory
    $400 21
Eliza Doolittle

Robyn
    $400 1
Dumbo

Luis
    $400 11
cashews

Luis
    $400 26
the Louvre

Luis
    $800 7
(Luis: What is "Birth of a Nation?")

Ben-Hur

LuisRobyn
    $800 17
tulip

Triple Stumper
    $800 22
Joel Grey

Luis
    $800 2
Mothra

Luis
    $800 12
pecan

Robyn
    $3,000 27
Joan of Arc

Luis
    $1200 8
(Cory: What is Ireland?)

Sweden

Cory
Triple Stumper
    $1200 18
(Cory: What are sheep?)

bird nests

Cory
Triple Stumper
    $1200 23
Carousel

Luis
    $1200 3
Baby

Robyn
    $1200 13
Brazil nuts

Robyn
    $1200 28
[buzzer sounds to end round]

Charles de Gaulle

Triple Stumper
    $1,400 9
(Robyn: Who is da Vinci?)

Charles Darwin

Robyn
    $1600 19
calamari

Cory
    $1600 24
(Alex: With less than a minute to go.)

Hello, Dolly!

Luis
    $1600 5
Miami

Luis
    $1600 14
(Robyn: What are hazelnuts?)

almonds

LuisRobyn
    $2000 10
"Clan of the Cave Bear"

Robyn
    $2000 20
squire & parson

Luis
    $2000 25
The Threepenny Opera

Luis
    $2000 6
(Robyn: What is "Guess Who's Coming to Dinner?")

The Last Hurrah

Robyn
Triple Stumper
    $2000 15
betel nuts

Luis

Scores at the end of the Double Jeopardy! Round:

Luis Robyn Cory
$22,600 $6,800 $3,200
(lock game)

[wagering suggestions for these scores]

Final Jeopardy! Round responses

2002 POP STARS
CoryWho is Kelly Clarkson?
$3,200
RobynWho is Kelly Osbourne?
$100
LuisWho is Avril Lavigne
$3,000
Kelly Clarkson

Final scores:

Luis Robyn Cory
$19,600 $6,700 $6,400
2-day champion: $44,401 2nd place: $2,000 3rd place: $1,000

Game dynamics:

Coryat scores:

Luis Robyn Cory
$20,200 $8,200 $3,200
26 R
(including 2 DDs),
2 W
15 R,
5 W
(including 1 DD)
8 R,
3 W

Combined Coryat: $31,600

The J! Archive is created by fans, for fans. The Jeopardy! game show and all elements thereof, including but not limited to copyright and trademark thereto, are the property of Jeopardy Productions, Inc. and are protected under law. This website is not affiliated with, sponsored by, or operated by Jeopardy Productions, Inc. Join the discussion at JBoard.tv.